000 01634nam a2200325 4500
003 EC-UNACH
005 20251222110027.0
006 s||||gr|||| 00| 00
008 150116t9999 mx r gr 000 0 spa d
020 _a978-9942-03-679-7
040 _aEC-UNACH
_cEC-UNACH
041 _aspa
082 0 4 _223
_a986.607
_bL018578
110 _a La Libertad (Ecuador): Universidad Estatal Península de Santa Elena. UPSE
245 _aAncón 100 Años en la historia petrolera del Ecuador
250 _aSegunda edición
264 _aEcuador
_b La Libertad (Ecuador): Universidad Estatal Península de Santa Elena. UPSE
_c2001
300 _a337
505 _aEl Copey en la Colonia.-- El petróleo, una nueva era.-- Pioneros y primeras concesiones.-- Los ingleses en Ancón.-- El campamento en formación.-- El puerto y la flora.-- La primera refinería.-- Período de expansión.-- Primera Ley del petróleo.-- La vida en el campamento.-- Arquitectura y urbanismo.-- El barrio Inglés.-- Educación.-- Salud y cuidados sanitarios.-- Asistencia religiosa.-- Los clubes y sus glorias deportivas.-- expresiones culturales.-- El sindicalismo.-- AEOL. Última etapa.-- Nueva proyecciones siglo XXI.-- Parroquialización de Ancón.-- UPSE y la primera Escuela de petróleo.-- provincialización de Santa Elena.—personaje de Ancón
650 _a ECUADOR - HISTORIA
650 _a PETROLEO
650 _aCIENCIAS FISICAS
700 _aJenny Estrada
942 _2ddc
_c1
999 _c14344